000
00305nam a22001217a 4500
020
_a
9788189401306
082
_a
624.15136
_b
MOD/SO
100
_a
Modi, P N
_9
130
245
_a
Soil Mechanics and Foundation Engineering
260
_a
New Delhi
_b
Standard Book House
_c
2010
300
_a
1001
942
_c
BK
999
_c
14164
_d
14164